| 000 | 00774nam a22002297a 4500 | ||
|---|---|---|---|
| 999 |
_c6315 _d6315 |
||
| 003 | AR-CdUCM | ||
| 008 | 190314b ||||| |||| 00| 0 spa d | ||
| 040 |
_aMUNICIPALIDAD PROVINCIAL DEL CUSCO _cBIBLIOTECA MUNICIPAL DEL CUSCO |
||
| 082 |
_a030 / _bT25 |
||
| 100 |
_aTauro, Alberto _911692 |
||
| 245 |
_aDiccionario enciclopédicodel Perú : _bilustrado / |
||
| 260 |
_aLima : _bMejia Baca, _c1975. |
||
| 300 |
_a2 tomos ; _bilustraciones ; _c23 cm. |
||
| 500 | _aApéndice Tomo 2 estados dañado para taller tomo 1 dañado paginas 177 y 178 cortados para taller | ||
| 505 | _aContenido: t.1 A-F -- t.2 G-P | ||
| 650 |
_aDiccionario _95196 |
||
| 650 |
_aHistoria _9136 |
||
| 650 |
_aPerú _935 |
||
| 700 |
_aTauro, Alberto _911692 |
||
| 942 |
_2ddc _cLIBROS |
||
| 945 | _azta | ||